| 000 | 00940nam a2200217Ia 4500 | ||
|---|---|---|---|
| 003 | Ost | ||
| 005 | 20260507075256.0 | ||
| 008 | 260507s9999||||xx |||||||||||||| ||und|| | ||
| 040 | _cfsecg | ||
| 041 | _aara | ||
| 082 | _a330 | ||
| 100 |
_aبكري، كامل _eمؤلف |
||
| 245 | 0 |
_aالاقتصاد الدولي / _c كامل بكري |
|
| 260 |
_aلبنان: _bالدار الجامعية, _c1988 |
||
| 300 |
_a320 صفحة؛ _c24 سم |
||
| 520 | _aأساس التجارة الدولية و شروط التجارة ، ميزان المدفوعات و الدخل القومي ، سوق الصرف الاجنبي و اختلال ميزان المدفوعات ، سياسات ميزان المدفوعات ، النظام النقدي الدولي و التكامل الاقتصادي . | ||
| 653 | _aالاقتصاد | ||
| 653 | _aالاقتصاد الدولي | ||
| 653 | _aالتجارة الخارجية | ||
| 942 | _cكتاب | ||
| 999 |
_c43745 _d43745 |
||